00613nam a2200205 a 4500001001300000003000900013005001700022008004100039020002500080082002100105100002400126245007000150260003500220300000900255500003500264505002400299650002400323650003600347700002400383nice12345678IN_TiNIC20260116013646.0050524s1993 newa grp 000 0 eng  a0898621 c612.500a306.8750954bNUC aNuckolls, Charles W aSiblings in South Asiab Brothers and Sisters in Cultural Context aNew YorkbGuilford Pressc1993 a247p aincludes index and biblioraphy2 abibliography, index aSiblings-South Asia aBrothers and Sisters-South Asia1 aNuckolls, Charles W